Movies Quiz

Random Movies or Director Quiz

Top of the Box Office (2015) Quiz Stats

 Plays Quiz Updated Aug 12, 2016

Challenge
Share
Tweet
Embed
Score 0/20 Timer 05:00
1 Play Today
Gross Movie % Correct
$2,068.2mStar Wars: The Force Awakens
92.5%
$1,516.0mFurious 7
82.2%
$1,405.4mAvengers: Age of Ultron
78.8%
$1,670.4mJurassic World
77.9%
$630.2mThe Martian
72.1%
$880.7mSpectre
71.7%
$653.4mThe Hunger Games: Mockingjay - Part 2
68.4%
$533.0mThe Revenant
66.2%
$519.3mAnt-Man
61.6%
$682.3mMission: Impossible - Rogue Nation
59.9%
Gross Movie % Correct
$857.6mInside Out
55.8%
$440.6mTerminator: Genisys
51.2%
$571.0mFifty Shades of Grey
50.6%
$378.4mMad Max: Fury Road
49.9%
$414.4mKingsman: The Secret Service
36.4%
$1,159.1mMinions
33.5%
$474.0mSan Andreas
31.1%
$386.0mHome
29.9%
$543.5mCinderella
27.8%
$473.2mHotel Transylvania 2
23.3%

You're not logged in!

Compare scores with friends on all Sporcle quizzes.
Join for Free
OR
Log In

You Might Also Like...

Show Comments

Extras

Top Quizzes Today


Score Distribution

Your Account Isn't Verified!

In order to create a playlist on Sporcle, you need to verify the email address you used during registration. Go to your Sporcle Settings to finish the process.

Report this User

Report this user for behavior that violates our Community Guidelines.

Details: